| 000 | 01503namaa2200349 i 4500 | ||
|---|---|---|---|
| 005 | 20260405123302.0 | ||
| 008 | 260405s1994 ua ado|frm||| 00| 0 eng d | ||
| 040 |
_aEG-GICUC _beng _cEG-GICUC _dEG-GICUC _erda |
||
| 041 | 0 |
_aeng _beng _bara |
|
| 049 | _aDeposit | ||
| 097 | _aPh.D | ||
| 099 | _aCai01.11.03.Ph.D.1994.Om.F | ||
| 100 | 0 |
_aOmayma Aly El-Kholy _epreparation. |
|
| 245 | 1 | 0 |
_aFatty acid saturation index in liver diseases / _b _cBy Omayma Aly El-Kholy ; Supervised By Prof. Dr. Mohamed T. Abdel-Aziz, Prof. Dr. Yassin Abdel-Ghaffar, Prof. Dr. Mayssa K. Salama. |
| 246 | 1 | 5 | _aمؤثر تشبع الأحماض الدهنية فى امراض الكبد |
| 264 | 0 | _c1994. | |
| 300 |
_a101 pages : _billustrations ; _c30 cm. + |
||
| 336 |
_2rda content _atext |
||
| 337 |
_2rdamedia _aUnmediated |
||
| 338 |
_2rdacarrier _avolume |
||
| 502 | _aThesis (Ph.D)-Cairo University, 1994. | ||
| 504 | _aBibliography: pages 80-101 | ||
| 653 | 0 | _aliver diseases | |
| 653 | 0 | _abiochemistry | |
| 653 | 0 | _aFatty acid saturation | |
| 700 | 0 |
_aProf. Dr. Mohamed T. Abdel-Aziz. _ethesis advisor. |
|
| 700 | 0 |
_aProf. Dr. Yassin Abdel-Ghaffar _ethesis advisor. |
|
| 700 | 0 |
_aProf. Dr. Mayssa K. Salama. _ethesis advisor. |
|
| 900 |
_DDepartment of biochemistry _FFaculty of medicine _UCairo University _b1994 _cProf. Dr. Mohamed T. Abdel-Aziz. _cProf. Dr. Yassin Abdel-Ghaffar _cProf. Dr. Mayssa K. Salama. _dProf. Dr. Mohamed T. Abdel-Aziz. |
||
| 905 | _aNermeen-A | ||
| 942 |
_2ddc _cTH _e21 _n0 |
||
| 999 | _c179193 | ||